Statistieken voor Griekse goden

Klik hier om de quiz te nemen!

Algemene statistieken

  • Deze quiz is 50 keer genomen
  • De gemiddelde score is 10 van 27

Antwoordstatistieken

HintAntwoord% Correct
OppergodZeus
88%
OnderwereldHades
71%
ZeePoseidon
65%
LiefdeAfrodite
59%
OorlogAres
59%
JachtArtemis
59%
WijsheidAthena
53%
WijnDionysus
50%
LandbouwDemeter
44%
HuwelijkHera
44%
ReizigersHermes
41%
MuziekApollo
35%
HandelHermes
35%
HemelZeus
35%
SmidHefaistos
32%
AardbevingenPoseidon
32%
ZonApollo
29%
HaardvuurHestia
29%
DierenArtemis
26%
KunstApollo
24%
Goede oogstDemeter
24%
VuurHefaistos
24%
HuisHestia
21%
OrakelApollo
18%
PaardenPoseidon
18%
ToneelDionysus
9%
HerdersPan
9%

Scoreverdeling

Percentiel versus Aantal Correcte Antwoorden

Procent van Mensen met Elke Score

Uw Scoregeschiedenis

U heeft deze quiz nog niet genomen